Heaviest Sharks - Statistics

General Stats
  • This quiz has been taken 57 times
  • The average score is 4 of 5
Answer Stats
Weight Shark % Correct
5,000-7,500 lbs Great White Shark
100%
30,000-70,000 lbs Whale Shark
98%
1,000-1,800 lbs Tiger Shark
87%
5,000-8,000 lbs Basking Shark
85%
900-1,700 lbs Greenland Shark
36%
No matching quizzes found
Score Distribution
Percent of People with Each Score
Percentile by Number Answered
Your Score History
You have not taken this quiz